000 00416nam a2200181Ia 4500
001 1200
005 20260306140614.0
008 260306t2001||||xx |||||||||||||| ||spa||
041 _aESP
082 _a189
_bS26
100 _aSaranyana, Josep-Ignasi
_eAUT
245 0 _aBreve historia de la filosofĂ­a medieval
260 _c2001
300 _a
_c
650 _aGEN
654 _aCHU
942 _cLIB
_dJUS
_fJUS
_2ddc
_n
999 _c1200
_d1200